000 00502nam a22001697a 4500
005 20251108164202.0
008 250721s1984 xx 000 0 ara d
082 1 4 _a811/جدع
100 1 _aالجدع، أحمد
245 1 0 _aالمطارحات الشعرية :
_bقوانينها و معجمها الشعر /
264 1 _aعمان :
_bدار الضياء،
_c1984.
300 _a302ص.
650 1 7 _aالشعر العربي
650 1 7 _aالمناظرات
942 _2ddc
_cBK
999 _c5811
_d5811